00539nam a2200181Ia 4500003000900000008004100009020001800050040001600068080001600084100001700100245011100117260003800228300001600266650002500282650001200307650001900319700001900338IN-BaIIA211028s9999 xx 000 0 eng d a0-87909-302-1 cIIA Library a519.68bHOL aHolt., R. C. 0aFundamentals of structured programming using FORTRAN with SF/k and WATFIV-ScR. C. Holt and J. N. P. Hume aRestonbReston Publicationsc1977 axiii, 349p. aComputer Programming aFortran aNASA Thesaurus aHume, J. N. P.